000 00795 a2200253 4500
005 20251215151201.0
008 251215b |||||||| |||| 00| 0 eng d
020 _a978-1-350-35274-2 (pbk)
037 _cTB
040 _aCRL
_cCRL
041 _2eng
_aeng
084 _aW:(S:52) R4
_qCRL
245 _aPolitical jouissance
260 _bBloomsbury Academic
_c2024
_aLondon
300 _a216p.
365 _b 21.99
_cUKP
650 _2POLITICAL SCIENCE
650 _2PSYCHOLOGY
650 _2EMOTIONS
700 _aBarria-Asenjo,Nicol A.
_eEditor
_9856667
700 _aZizek, Slavoj
_eEditor
_9856668
942 _cTB
_2CC
_n0
_hW:(S:52) R4
999 _c1435783
_d1435783